A manual on the national land code

Bibliographic Details
Corporate Author: MALAYSIA
Format: Book
Published: Kuala Lumpur : Koperasi Pegawai Pentadbiran dan Pengurusan Tanah Malaysia Bhd. , 2002
Subjects:

MARC

LEADER 00000cam a2200000 7i4500
001 0000002135
005 20030322.0
020 0 0 |a 9834105207 
090 0 0 |a R346.595043   |b MAL 2002 
110 1 0 |a MALAYSIA 
245 1 2 |a A manual on the national land code 
260 0 0 |a Kuala Lumpur :   |b Koperasi Pegawai Pentadbiran dan Pengurusan Tanah Malaysia Bhd. ,   |c 2002 
300 |a xiv, 298 p. ;   |c 29 cm. 
650 0 0 |a Land tenure   |x Law and legislation   |x Handbooks, manuals, etc.   |z Malaysia 
650 0 0 |a Land use   |x Law and legislation   |x Handbooks, manuals, etc.   |z Malaysia 
998 |a JPSM 
999 |a 0000003534   |b Monograph   |c Reference   |e Default branch